| 000 | 00726nas a2200253 4500 | ||
|---|---|---|---|
| 001 | BR9701452 | ||
| 003 | BR-BrBNA | ||
| 005 | 20231205100109.0 | ||
| 007 | ta | ||
| 008 | 230509b bl.|||p| |||| 00| 00por d | ||
| 040 |
_aBR-BrBNA _bpor _cBiblioteca Nacional de Agricultura |
||
| 041 | _a(Pt) | ||
| 072 | _aL70 | ||
| 100 | 1 | _aCordeiro, J.M.C. | |
| 100 | 1 | _aChapochnicoff, A. | |
| 245 | 1 | _aExame neurologico em pequenos animais | |
| 650 | _aExame Neurologico | ||
| 650 | _aVeterinaria | ||
| 650 | _aLesao | ||
| 650 | _aAnalise de Laboratorio | ||
| 773 | 0 |
_tHora Veterinaria (Brazil) _xISSN 0101-9163 _g(Jan-Feb 1997), v. 16(95) p. 15-18 _wBR9701452 |
|
| 909 |
_a202311 _bLúcia _c55 _dLúcia Elande |
||
| 942 |
_2AGRIS _n0 _cANA |
||
| 999 |
_c154351 _d154351 |
||